| 000 | 00508nam a2200145 a 4500 | ||
|---|---|---|---|
| 001 | 000038628 | ||
| 005 | 20201002031320.0 | ||
| 008 | 130416s2011 dr ad 000 0 spa d | ||
| 040 |
_aDO-SdBNP _bspa _cBNPHU |
||
| 100 | 1 |
_aMazzarelli, Silvia _964961 |
|
| 245 | 1 | 0 |
_aManual de planificación estratégica con enfoque basado en derechos humanos 2001 / _cSilvia Mazzarelli. |
| 260 |
_aSanto Domingo : _bSalesianos Antillas, _c2011. |
||
| 300 |
_a84 p. : _bil.,gráf.+1CD ; _c29 cm. |
||
| 504 | _aBibliografía : p. 81- | ||
| 999 |
_c38118 _d38118 |
||